000 01424cam a2200325 a 4500
005 20260322212013.0
008 data
010 _a 2006034495
020 _a9780760329214 (plc w/ jacket)
020 _a0760329214 (plc w/ jacket)
040 _aDLC
_cDLC
_dDLC
043 _an-us-or
050 0 0 _aF877
_b.O78 2007
082 0 0 _a979.5
_222
092 _a979.5 O78 2007
100 1 _aOstertag, George,
_d1957-
245 1 0 _aOur Oregon /
_cGeorge Ostertag.
260 _aSt. Paul, MN :
_bMBI Pub.,
_cc2007.
300 _a128 p. :
_bill. (chiefly col.) ;
_c32 cm.
650 0 _aNatural history
_zOregon
_vPictorial works.
651 0 _aOregon
_vPictorial works.
651 0 _aOregon
_xHistory, Local
_vPictorial works.
651 0 _aOregon
_xSocial life and customs
_vPictorial works.
856 4 2 _3Contributor biographical information
_uhttp://www.loc.gov/catdir/enhancements/fy0704/2006034495-b.html
856 4 2 _3Publisher description
_uhttp://www.loc.gov/catdir/enhancements/fy0704/2006034495-d.html
906 _a7
_bcbc
_corignew
_d1
_eecip
_f20
_gy-gencatlg
925 0 _aacquire
_b2 shelf copies
_xpolicy default
955 _dlk29 2006-10-23 telework
_elk18 2006-10-24 ; to Dewey 2006-10-27
_flk18 2007-07-05
_glk18 2007-07-05 to BCCD
001 data
999 _c278
_d278